Top 50 Biggest Cities in Nordic Europe and Baltics - Statistics

General Stats
  • This quiz has been taken 399 times
  • The average score is 30 of 50
Answer Stats
Country Population Answer % Correct
Sweden 1,515,017 Stockholm
100%
Denmark 1,153,615 Copenhagen
99%
Finland 558,457 Helsinki
99%
Norway 580,000 Oslo
99%
Latvia 742,572 Riga
99%
Estonia 394,024 Tallinn
97%
Lithuania 542,366 Vilnius
95%
Sweden 572,799 Gothenburg
93%
Sweden 301,706 Malmö
93%
Norway 213,585 Bergen
87%
Lithuania 374,643 Kaunas
81%
Finland 202,687 Tampere
81%
Norway 147,139 Trondheim
79%
Finland 175,945 Turku
78%
FInland 128,618 Oulu
77%
Iceland 118,918 Reykjavik
77%
Sweden 149,245 Uppsala
75%
Denmark 122,219 Aalborg
72%
Finland 256,760 Espoo
71%
Denmark 145,931 Odense
71%
Lithuania 192,307 Klaipeda
66%
Denmark 237,551 Arhus
65%
Norway 121,610 Stavanger
64%
Estonia 101,092 Tartu
64%
Latvia 111,564 Daugavpils
61%
Sweden 106,502 Linköping
58%
Finland 190,058 Vantaa
58%
Sweden 93,765 Norrköping
57%
Sweden 104,250 Helsingborg
56%
Sweden 93,797 Jönköping
54%
Sweden 115,765 Örebro
52%
Sweden 83,249 Umea
50%
Sweden 117,746 Västeras
48%
Denmark 72,205 Esbjerg
46%
Finland 98,826 Lahti
46%
Sweden 87,244 Lund
44%
Latvia 85,132 Liepaja
43%
Finland 85,026 Jyväskylä
42%
Lithuania 130,587 Siauliai
42%
Norway 90,722 Drammen
40%
Finland 89,104 Kuopio
39%
Sweden 74,884 Gävle
32%
Finland 76,772 Pori
31%
Lithuania 117,395 Panevezys
25%
Norway 72,760 Fredrikstad
18%
Denmark 95,029 Frederiksberg
8%
Sweden 90,182 Huddinge
7%
Sweden 139,606 Sollentuna
7%
Sweden 74,968 Haninge
3%
Sweden 127,323 Södermalm
3%
No matching quizzes found
Score Distribution
Percent of People with Each Score
Percentile by Number Answered
Your Score History
You have not taken this quiz